000 00812nam a2200241 a 4500
001 000022725
005 20200930021748.0
008 101116s1996 ve r 000 p spa d
020 _a9800109447
040 _aDO-SdBNP
_bspa
_cBNPHU
082 _aV861.42
_bL249ó, 1996
100 1 _aLancini, Darío,
_d1932-2010
_946705
245 1 0 _aOír a diario :
_bpalíndromos /
_cDarío Lancini ; prólogo, Salvador Garmendia.
250 _a2a ed.
260 _aCaracas :
_bmonte Ávila Editores Latinoamericanos.,
_c1996.
300 _a89 p. ;
_c20 cm.
500 _aIncluye apéndice
590 _aLa biblioteca posee 1 ejemplar autografiado por el autor
650 4 _aPoesía venezolana
_94230
650 4 _aLiteratura venezolana
_xSiglo xx
_939072
700 1 _aGarmendia, Salvador
_epról.
_93814
049 _aBNGR
999 _c22222
_d22222